Statistiche per Film basati su serie tv con maggiori incassi nella storia

Clicka qui per fare il quiz!

Statistiche generali

  • Questo quiz è stato fatto 8 volte
  • Il punteggio medio è 7 su 16

Statistiche sulle risposte

Incasso ($)Anno di uscita del filmFilm% Corretto
457 696 3591996Mission: Impossible
86%
549 588 5162000Mission: Impossible 2
86%
567 535 3832023Mission: Impossible - Dead Reckoning - Parte uno
86%
791 115 1042018Mission: Impossible – Fallout
86%
399 387 7452006Mission: Impossible III
86%
694 713 3802011Mission: Impossible – Protocollo fantasma
86%
688 858 9922015Mission: Impossible – Rogue Nation
86%
386 839 6142009Star Trek
43%
343 471 8162016Star Trek Beyond
29%
467 365 2462013Star Trek Into Darkness
29%
358 500 0001994I Flintstones
14%
536 414 2702007I Simpson - Il film
14%
331 333 876201422 Jump Street
0%
353 715 3171993Il fuggitivo
0%
319 713 8812010L'ultimo dominatore dell'aria
0%
325 186 0322015SpongeBob - Fuori dall'acqua
0%

Distribuzione punteggi

Percentile per numero di risposta

Percentuale di utenti per punteggio

I tuoi punteggi nel tempo

Non hai fatto questo quiz